MARC

LEADER 00000nam0a2200000 4500
001 370242
005 20231102012248.0
035 |a (RuTPU)RU\TPU\retro\27650 
090 |a 370242 
100 |a 20220622d1978 m y0rusy50 ca 
101 0 |a rus 
102 |a RU 
105 |a a j 001zy 
200 1 |a Технология железобетонных изделий  |e учебник для техникумов  |f В. Г. Хитров 
205 |a 2-е изд., перераб. и доп. 
210 |a Москва  |c Высшая школа  |d 1978 
215 |a 364 с.  |c ил. 
320 |a Библиогр.: с. 361-362 
606 1 |a Железобетонные изделия  |x Производство  |x Физико-химические основы  |2 stltpush  |3 (RuTPU)RU\TPU\subj\35573  |9 57224 
610 1 |a учебники 
610 1 |a бетоны 
610 1 |a строительные растворы 
610 1 |a легкие бетоны 
610 1 |a силикатные гели 
610 1 |a вяжущие материалы 
610 1 |a сборные железобетонные конструкции 
610 1 |a приготовление 
610 1 |a арматура 
610 1 |a заготовки 
610 1 |a опалубка 
610 1 |a твердение 
610 1 |a армирование 
610 1 |a предварительно-напряженные изделия 
610 1 |a сборные конструкции 
610 1 |a ячеистые бетоны 
675 |a 666.892(075.3)  |v 4 
700 1 |a Хитров  |b В. Г.  |g Вячеслав Григорьевич 
801 1 |a RU  |b 63413507  |c 20220622 
942 |c BK